000 00632nam a2200229 a 4500
005 20210219153433.0
008 991125n 000 0 u
035 _aUPN01000099670
100 _aParsons, Cynthia
222 _aPHI DELTA KAPPAN
245 _aSerVermont : the little initiative that could
300 _a768-770
362 _a72, No. 10, 1991
505 _aOctubre 1991
653 0 _aAPOYO FINANCIERO PRIVADO
653 0 _aESTUDIANTES VOLUNTARIOS
653 0 _aPROGRAMAS COMUNITARIOS
653 0 _aPROGRAMAS COOPERATIVOS
653 0 _aPROGRAMAS PARA JOVENES
904 _aAC
_b037481
905 _aArticulo
999 _c76826
_d76826